[Event "Krakow op-B 33rd"]
[Site "Krakow"]
[Date "2023.01.03"]
[Round "8"]
[White "Gromovs, Sergejs"]
[Black "Czarnecka, Lidia"]
[Result "1/2-1/2"]
[WhiteElo "2077"]
[BlackElo "2018"]
[PlyCount "167"]
[EventDate "2022.12.27"]
[EventType "swiss"]
[EventRounds "9"]
[EventCountry "POL"]
[SourceTitle "CBM 212 Extra"]
[Source "ChessBase"]
[SourceDate "2023.03.31"]
[SourceVersion "1"]
[SourceVersionDate "2023.03.31"]
[SourceQuality "1"]

1. d4 d5 2. c4 c6 3. Nf3 Nf6 4. Nc3 e6 5. Bg5 Nbd7 6. e3 Qa5 7. Nd2 dxc4 8. Bxf6 Nxf6 9. Nxc4 Qc7 10. Rc1 Be7 11. Be2 0-0 12. 0-0 Nd5 13. Bf3 Rd8 14. Qc2 Bd7 15. Ne5 Be8 16. Be4 h6 17. a3 Bd6 18. Nf3 Qe7 19. Bd3 Nf6 20. h3 c5 21. dxc5 Bxc5 22. Ne4 Bb6 23. Nxf6+ Qxf6 24. Be4 Bb5 25. Rfe1 Rab8 26. a4 Bd7 27. b4 Rdc8 28. Qb3 a5 29. Rxc8+ Bxc8 30. Rd1 Qe7 31. bxa5 Bxa5 32. Nd4 Bd7 33. Bc6 Be8 34. Rb1 e5 35. Nf5 Qf6 36. Bxe8 Qxf5 37. Bc6 b6 38. e4 Qf6 39. Bd5 Rc8 40. Rd1 Qe7 41. Rd3 Rf8 42. Rf3 Qc7 43. g3 g6 44. h4 h5 45. Rf6 Kg7 46. Rc6 Qe7 47. Qc4 Rd8 48. Rc7 Rd7 49. Rc8 Qd6 50. Kg2 Ra7 51. Qc1 Rd7 52. Qc4 Ra7 53. Rc6 Qe7 54. f4 Qa3 55. f5 Qb2+ 56. Kh3 Qa1 57. f6+ Kh7 58. Qc2 Qf1+ 59. Qg2 Qxg2+ 60. Kxg2 g5 61. hxg5 Kg6 62. Kh3 Kxg5 63. Bc4 Rd7 64. Bd5 Ra7 65. Kg2 Kg4 66. Rc8 Kg5 67. Rc6 Kg4 68. Bb3 Rd7 69. Bd5 Ra7 70. Bc4 Rd7 71. Kf2 Bb4 72. Bd5 Bc5+ 73. Kg2 Bd4 74. Re6 Rc7 75. Re7 Rc2+ 76. Kf1 Kf3 77. Ke1 Be3 78. Bb3 Re2+ 79. Kd1 Rd2+ 80. Ke1 Re2+ 81. Kd1 Rd2+ 82. Ke1 Re2+ 83. Kd1 Rd2+ 84. Ke1 1/2-1/2

[Event "Krakow op-B 33rd"]
[Site "Krakow"]
[Date "2022.12.28"]
[Round "2"]
[White "Gromovs, Sergejs"]
[Black "Csernyik, Mark"]
[Result "1-0"]
[WhiteElo "2077"]
[BlackElo "1946"]
[PlyCount "85"]
[EventDate "2022.12.27"]
[EventType "swiss"]
[EventRounds "9"]
[EventCountry "POL"]
[SourceTitle "CBM 212 Extra"]
[Source "ChessBase"]
[SourceDate "2023.03.31"]
[SourceVersion "1"]
[SourceVersionDate "2023.03.31"]
[SourceQuality "1"]

1. d4 Nf6 2. Nf3 g6 3. c4 Bg7 4. Nc3 0-0 5. e4 d6 6. Be2 e5 7. 0-0 Nc6 8. d5 Ne7 9. b4 Ne8 10. c5 f5 11. Bc4 Nf6 12. a4 f4 13. Ba3 h6 14. Rc1 Kh8 15. Nd2 g5 16. Be2 g4 17. Nb5 a6 18. cxd6 axb5 19. dxe7 Qxe7 20. Bxb5 f3 21. g3 Qf7 22. Re1 Nh7 23. Bf1 Ng5 24. Re3 Rd8 25. b5 b6 26. Rec3 Ra7 27. Rc4 Bf6 28. Rc6 Rd7 29. Bb2 Bb7 30. R6c4 Ra8 31. Nb3 h5 32. Qc2 h4 33. a5 hxg3 34. fxg3 f2+ 35. Qxf2 Nf3+ 36. Kh1 Bg5 37. Rd1 Qg6 38. a6 Bc8 39. Bg2 Nxh2 40. Qf8+ Kh7 41. Bxe5 Bxa6 42. Qxa8 Bd8 43. Qc6 1-0

[Event "Calvia Amateur op 19th"]
[Site "Calvia"]
[Date "2022.10.12"]
[Round "5"]
[White "Gromovs, Sergejs"]
[Black "Moreno Garcia, Alfonso"]
[Result "1-0"]
[WhiteElo "2140"]
[BlackElo "1887"]
[PlyCount "59"]
[EventDate "2022.10.08"]
[EventType "swiss"]
[EventRounds "9"]
[EventCountry "ESP"]
[SourceTitle "CBM 210 Extra"]
[Source "ChessBase"]
[SourceDate "2022.11.30"]
[SourceVersion "1"]
[SourceVersionDate "2022.11.30"]
[SourceQuality "1"]

1. d4 Nf6 2. c4 c5 3. d5 d6 4. Nc3 g6 5. e4 Bg7 6. h3 0-0 7. Nf3 a6 8. a4 e6 9. Bd3 exd5 10. cxd5 Re8 11. 0-0 Nbd7 12. Bf4 Qb6 13. a5 Qc7 14. Nd2 Ne5 15. Bxe5 Rxe5 16. Nc4 Re8 17. f4 Nd7 18. Qf3 b5 19. axb6 Nxb6 20. Ra2 Nxc4 21. Bxc4 Rb8 22. b3 Rb4 23. Rc1 Qe7 24. Re2 Bd4+ 25. Kh1 Qh4 26. e5 dxe5 27. fxe5 h5 28. e6 fxe6 29. dxe6 Rb7 30. Qf7+ 1-0

[Event "Wohlen op 3rd"]
[Site "Wohlen"]
[Date "2022.08.20"]
[Round "2"]
[White "Gromovs, Sergejs"]
[Black "Tureshbayev, Anuar"]
[Result "0-1"]
[WhiteElo "2178"]
[BlackElo "1696"]
[PlyCount "64"]
[EventDate "2022.08.19"]
[EventType "swiss"]
[EventRounds "5"]
[EventCountry "SUI"]
[SourceTitle "CBM 210 Extra"]
[Source "ChessBase"]
[SourceDate "2022.11.30"]
[SourceVersion "1"]
[SourceVersionDate "2022.11.30"]
[SourceQuality "1"]

1. d4 Nf6 2. Nf3 g6 3. c4 Bg7 4. Nc3 0-0 5. e4 d6 6. Be2 e5 7. 0-0 Nc6 8. d5 Ne7 9. b4 Ne8 10. c5 h6 11. a4 f5 12. a5 g5 13. Nd2 Nf6 14. Bc4 f4 15. f3 g4 16. b5 Ng6 17. Ba3 g3 18. h3 Nh4 19. Qe2 Bxh3 20. gxh3 Qc8 21. cxd6 Qxh3 22. dxc7 g2 23. d6+ Kh8 24. Rfc1 Qh1+ 25. Kf2 Qh2 26. Ke1 g1Q+ 27. Nf1 Qhg3+ 28. Kd1 Qxf3 29. Kc2 Qd4 30. Bd3 Ne8 31. Qxf3 Nxf3 32. Nd5 Rf7 0-1

[Event "Wohlen op 3rd"]
[Site "Wohlen"]
[Date "2022.08.19"]
[Round "1"]
[White "Van Aepelen, Nikolai"]
[Black "Gromovs, Sergejs"]
[Result "0-1"]
[WhiteElo "1580"]
[BlackElo "2178"]
[PlyCount "33"]
[EventDate "2022.08.19"]
[EventType "swiss"]
[EventRounds "5"]
[EventCountry "SUI"]
[SourceTitle "CBM 210 Extra"]
[Source "ChessBase"]
[SourceDate "2022.11.30"]
[SourceVersion "1"]
[SourceVersionDate "2022.11.30"]
[SourceQuality "1"]

1. d4 c5 2. d5 e5 3. e4 d6 4. Nf3 a6 5. Nc3 b5 6. a3 Nf6 7. b4 Nbd7 8. Bd3 Qc7 9. Bb2 g6 10. 0-0 Bh6 11. h3 0-0 12. g4 Bg7 13. Re1 Nb6 14. Bf1 Bd7 15. Nd2 a5 16. f3 Na4 17. Bc1 0-1

[Event "SVK-ch Amateurs"]
[Site "Topolcany"]
[Date "2021.08.09"]
[Round "7"]
[White "Bochnicka, Vladimir1111"]
[Black "Gromovs, Sergejs"]
[Result "1-0"]
[WhiteElo "2195"]
[BlackElo "2140"]
[PlyCount "83"]
[EventDate "2021.08.06"]
[EventType "swiss"]
[EventRounds "7"]
[EventCountry "SVK"]
[SourceTitle "EXT 2022"]
[Source "ChessBase"]
[SourceDate "2021.10.06"]
[SourceVersion "1"]
[SourceVersionDate "2021.10.06"]
[SourceQuality "1"]

1. c4 b6 2. Nf3 Bb7 3. g3 g6 4. Bg2 Bg7 5. Nc3 e6 6. 0-0 Ne7 7. d4 0-0 8. Bf4 d6 9. Qd2 Nd7 10. e4 a6 11. Rfd1 Rb8 12. Qe2 Qe8 13. Rd2 h6 14. h4 Kh7 15. e5 d5 16. b3 a5 17. Nh2 Rc8 18. Qd1 c6 19. cxd5 Nxd5 20. Nxd5 exd5 21. Bh3 Rd8 22. Re2 Qe7 23. e6 fxe6 24. Rxe6 Qf7 25. h5 g5 26. Qc2+ Kh8 27. Bc7 Rde8 28. Rae1 Nf6 29. Bd6 Rg8 30. Nf3 Ne4 31. Ne5 Qxh5 32. Bg4 Qxg4 33. Rxh6+ Bxh6 34. Nxg4 Nxd6 35. Rxe8 Rxe8 36. Nxh6 Re4 37. f3 Re6 38. Nf5 Nf7 39. g4 Kg8 40. Qh2 Ba6 41. Qb8+ Kh7 42. Qa7 1-0

[Event "SVK-ch Amateurs"]
[Site "Topolcany"]
[Date "2021.08.06"]
[Round "1"]
[White "Gromovs, Sergejs"]
[Black "Miciak, Emanuel"]
[Result "1-0"]
[WhiteElo "2140"]
[BlackElo "1771"]
[PlyCount "39"]
[EventDate "2021.08.06"]
[EventType "swiss"]
[EventRounds "7"]
[EventCountry "SVK"]
[SourceTitle "EXT 2022"]
[Source "ChessBase"]
[SourceDate "2021.10.06"]
[SourceVersion "1"]
[SourceVersionDate "2021.10.06"]
[SourceQuality "1"]

1. d4 Nf6 2. Nf3 d5 3. c4 c6 4. Nc3 e6 5. Bg5 h6 6. Bxf6 Qxf6 7. Qb3 Be7 8. e4 dxe4 9. Nxe4 Qf4 10. Bd3 0-0 11. 0-0 Nd7 12. Rfe1 Nf6 13. Ne5 Nxe4 14. Rxe4 Qf6 15. c5 g6 16. Rg4 Kg7 17. Qc2 g5 18. f4 Rg8 19. fxg5 hxg5 20. Rf1 1-0

[Event "Primorsko op"]
[Site "Primorsko"]
[Date "2020.09.16"]
[Round "3"]
[White "Gromovs, Sergejs"]
[Black "Botea, David Alexandru"]
[Result "1-0"]
[WhiteElo "2198"]
[BlackElo "1926"]
[PlyCount "69"]
[EventDate "2020.09.14"]
[EventType "swiss"]
[EventRounds "9"]
[EventCountry "BUL"]
[SourceTitle "CBM 198 Extra"]
[Source "ChessBase"]
[SourceDate "2020.11.30"]
[SourceVersion "1"]
[SourceVersionDate "2020.11.30"]
[SourceQuality "1"]

1. d4 Nf6 2. Nf3 e6 3. c4 d5 4. Nc3 Nbd7 5. Bg5 c6 6. e3 Qa5 7. Nd2 Bb4 8. Qc2 0-0 9. Be2 c5 10. 0-0 cxd4 11. Nb3 Qb6 12. Nxd4 Bxc3 13. bxc3 dxc4 14. Rab1 Qc5 15. Rb5 Qc7 16. Rb4 Nb6 17. Bxf6 gxf6 18. Rfb1 Rd8 19. e4 e5 20. Nf5 Bxf5 21. exf5 Rd6 22. Qe4 Rad8 23. h3 Qc6 24. Qg4+ Kh8 25. Bf3 Qc5 26. a4 Qa5 27. Bxb7 Rd2 28. Bf3 Rc2 29. Qh4 Rd6 30. Rxc4 Rxc3 31. Rg4 Rc8 32. Qh5 Rg8 33. Qxf7 Rxg4 34. hxg4 Nd7 35. Rb8+ 1-0

[Event "Primorsko op"]
[Site "Primorsko"]
[Date "2020.09.15"]
[Round "2"]
[White "Chatalbashev, Boris"]
[Black "Gromovs, Sergejs"]
[Result "1-0"]
[WhiteElo "2517"]
[BlackElo "2198"]
[PlyCount "40"]
[EventDate "2020.09.14"]
[EventType "swiss"]
[EventRounds "9"]
[EventCountry "BUL"]
[SourceTitle "CBM 198 Extra"]
[Source "ChessBase"]
[SourceDate "2020.11.30"]
[SourceVersion "1"]
[SourceVersionDate "2020.11.30"]
[SourceQuality "1"]

1. d4 d6 2. e4 Nf6 3. Nc3 g6 4. Bg5 c6 5. Qd2 Qa5 6. f4 b5 7. e5 b4 8. exf6 bxc3 9. bxc3 e6 10. Bd3 Nd7 11. Nf3 Qd5 12. Ne5 dxe5 13. fxe5 Qa5 14. 0-0 Ba3 15. Rab1 Ba6 16. Rb3 0-0 17. Rfb1 c5 18. Qe2 Bxd3 19. cxd3 Nb6 20. Qf3 Kh8 1-0

[Event "SVK-ch rapid"]
[Site "Topolcany"]
[Date "2020.07.11"]
[Round "5"]
[White "Gromovs, Sergejs"]
[Black "Kapusta, Petr"]
[Result "0-1"]
[WhiteElo "2261"]
[BlackElo "2084"]
[PlyCount "70"]
[EventDate "2020.07.11"]
[EventType "swiss (rapid)"]
[EventRounds "9"]
[EventCountry "SVK"]
[SourceTitle "CBM 197 Extra"]
[Source "ChessBase"]
[SourceDate "2020.09.30"]
[SourceVersion "1"]
[SourceVersionDate "2020.09.30"]
[SourceQuality "1"]

1. d4 Nf6 2. Nf3 g6 3. c4 Bg7 4. Nc3 0-0 5. e4 d6 6. Be2 e5 7. 0-0 Nc6 8. d5 Ne7 9. b4 a5 10. Ba3 axb4 11. Bxb4 b6 12. a4 Ne8 13. Nb5 f5 14. Ng5 h6 15. Ne6 Bxe6 16. dxe6 Nc6 17. Bc3 fxe4 18. Qd5 Ne7 19. Qxe4 c6 20. Rfd1 cxb5 21. cxb5 d5 22. Qg4 Nf6 23. Qh3 Ne4 24. Be1 Ng5 25. Qb3 e4 26. Rac1 Nxe6 27. Bb4 Nd4 28. Qa2 Rxa4 29. Qxa4 Nxe2+ 30. Kf1 Nxc1 31. Rxc1 Qd7 32. Rc6 Qf5 33. Rc2 e3 34. Bxe7 Qd3+ 35. Ke1 exf2+ 0-1

[Event "SVK-ch rapid"]
[Site "Topolcany"]
[Date "2020.07.11"]
[Round "9"]
[White "Gromovs, Sergejs"]
[Black "Turcan, Richard"]
[Result "0-1"]
[WhiteElo "2261"]
[BlackElo "2045"]
[PlyCount "68"]
[EventDate "2020.07.11"]
[EventType "swiss (rapid)"]
[EventRounds "9"]
[EventCountry "SVK"]
[SourceTitle "CBM 197 Extra"]
[Source "ChessBase"]
[SourceDate "2020.09.30"]
[SourceVersion "1"]
[SourceVersionDate "2020.09.30"]
[SourceQuality "1"]

1. d4 Nf6 2. Nf3 g6 3. c4 Bg7 4. Nc3 d5 5. cxd5 Nxd5 6. e4 Nxc3 7. bxc3 c5 8. Rb1 Nc6 9. d5 Ne5 10. Nxe5 Bxe5 11. Qd2 0-0 12. f4 Bg7 13. c4 e5 14. Bb2 f5 15. fxe5 Qh4+ 16. Kd1 fxe4 17. e6 Rf2 18. Be2 Bxb2 19. Rxb2 Bxe6 20. Rxb7 Bg4 21. Re1 Bxe2+ 22. Rxe2 Rf1+ 23. Kc2 e3 24. Qd3 Rf2 25. Rxf2 exf2 26. Rb1 Rf8 27. Rf1 Qf6 28. d6 Rb8 29. d7 Rd8 30. Qe3 Qf5+ 31. Kc1 Qxd7 32. Qxf2 Qg7 33. Qf6 Qd7 34. Qf4 Qg7 0-1

[Event "Benidorm op U2300 18th"]
[Site "Benidorm"]
[Date "2019.11.30"]
[Round "2"]
[White "Sawant, Akshay"]
[Black "Gromovs, Sergejs"]
[Result "1-0"]
[WhiteElo "1793"]
[BlackElo "2128"]
[PlyCount "55"]
[EventDate "2019.11.29"]
[EventType "swiss"]
[EventRounds "10"]
[EventCountry "ESP"]
[SourceTitle "EXT 2022"]
[Source "ChessBase"]
[SourceDate "2021.10.06"]
[SourceVersion "1"]
[SourceVersionDate "2021.10.06"]
[SourceQuality "1"]

1. e4 c5 2. Nc3 Nc6 3. f4 e6 4. Nf3 a6 5. d3 d5 6. g3 d4 7. Ne2 Nf6 8. h3 Be7 9. Bg2 0-0 10. 0-0 Rb8 11. g4 b5 12. f5 exf5 13. gxf5 Bd6 14. a3 Qc7 15. Qe1 Ne5 16. Nxe5 Bxe5 17. Bf4 Re8 18. Qh4 Rb6 19. Rf3 c4 20. Rg3 Nd7 21. Rf1 cxd3 22. cxd3 Qc2 23. Bxe5 Nxe5 24. Nf4 Kh8 25. Nd5 Rh6 26. Qg5 Rg8 27. Ne7 f6 28. Qxh6 1-0

[Event "Lignano Sabbiadoro op 5th"]
[Site "Lignano Sabbiadoro"]
[Date "2019.08.01"]
[Round "7"]
[White "Lain, Luigi"]
[Black "Gromovs, Sergejs"]
[Result "0-1"]
[WhiteElo "2259"]
[BlackElo "2154"]
[PlyCount "56"]
[EventDate "2019.07.27"]
[EventType "swiss"]
[EventRounds "9"]
[EventCountry "ITA"]
[SourceTitle "CBM 191 Extra"]
[Source "ChessBase"]
[SourceDate "2019.09.30"]
[SourceVersion "1"]
[SourceVersionDate "2019.09.30"]
[SourceQuality "1"]

1. d4 c5 2. d5 e5 3. c4 d6 4. Nc3 Be7 5. e4 Bg5 6. Bd3 Bxc1 7. Qxc1 Nf6 8. Nge2 0-0 9. 0-0 a6 10. f3 Nbd7 11. Qe3 Rb8 12. Rfb1 g6 13. b4 cxb4 14. Rxb4 Nc5 15. Rab1 Nh5 16. Na4 a5 17. Nxc5 axb4 18. Nb3 Ra8 19. Nbc1 Qa5 20. Qd2 Qc5+ 21. Kf1 f5 22. Rxb4 fxe4 23. Bxe4 Nf6 24. Bb1 Ng4 25. Nd3 Nxh2+ 26. Ke1 Qa5 27. Qh6 e4 28. fxe4 Rf1+ 0-1

[Event "Lignano Sabbiadoro op 5th"]
[Site "Lignano Sabbiadoro"]
[Date "2019.07.28"]
[Round "2"]
[White "Gromovs, Sergejs"]
[Black "Orlov, Andrey"]
[Result "0-1"]
[WhiteElo "2154"]
[BlackElo "2499"]
[PlyCount "102"]
[EventDate "2019.07.27"]
[EventType "swiss"]
[EventRounds "9"]
[EventCountry "ITA"]
[SourceTitle "CBM 191 Extra"]
[Source "ChessBase"]
[SourceDate "2019.09.30"]
[SourceVersion "1"]
[SourceVersionDate "2019.09.30"]
[SourceQuality "1"]

1. d4 c5 2. d5 e5 3. c4 d6 4. Nc3 g6 5. e4 Bg7 6. Bd3 Nf6 7. a3 0-0 8. b4 b6 9. Rb1 Nh5 10. Bc2 Ba6 11. bxc5 bxc5 12. Nb5 Nd7 13. Nf3 Nb6 14. Bb3 Nf6 15. Qe2 Qd7 16. 0-0 Nh5 17. a4 h6 18. a5 Nc8 19. g3 Ne7 20. Ba4 Qd8 21. Bd2 Bc8 22. Nh4 Bh3 23. Rfe1 Kh7 24. Na3 f5 25. Rb7 f4 26. Reb1 Bc8 27. R7b3 Nf6 28. f3 g5 29. Ng2 a6 30. Nc2 Ng6 31. Bc6 Ra7 32. g4 h5 33. h3 Raf7 34. Nce1 Rh8 35. Bb7 Bf8 36. Rb6 Kg8 37. Bxa6 Bxa6 38. Rxa6 hxg4 39. hxg4 Rfh7 40. Rab6 Qd7 41. Qd3 Nh4 42. Rb7 Nxg2 43. Rxd7 Rh1+ 44. Kf2 Nxe1 45. Qf1 Rxf1+ 46. Kxf1 Nxf3 47. a6 Rh1+ 48. Kf2 Rxb1 49. Rb7 Ra1 50. Kxf3 Ra3+ 51. Ke2 Rxa6 0-1